000 00415nam a2200133Ia 4500
005 20260326235506.0
008 260326s9999||||xx |||||||||||||| ||und||
100 _aCurrie, Lauchlin
245 0 _aEnsayos sobre Planeación :
_b Introducción a una teoría de Desarrollo conocida como Operación Colombia /
_cLauchlin Currie
260 _bTercer Mundo Editores
300 _a210 p.
650 _aURBANISMO
942 _cBK
999 _c8182
_d8182